LEADER 01170nam a2200301 i 4500 001 000000148237 003 CaOOAMICUS 005 20190619140925.0 008 060322s2005 it u000 u ita u 013 $a125552 020 $a88-250-1476-7 040 $aSeMil$bita 100 1 $aDulles, Avery,$c.$0(OLS)http://semarc/name/90465 240 10$aModels of the Church.$0(OLS)http://semarc/title/216667 245 10$aModelli di Chiesa /$cAvery Dulles. 260 $aPadova :$bMessaggero,$c2005. 300 $a317 p. ;$c21 cm. 490 0 $aStudi religiosi 650 4$aChiesa - Studi.$0(OLS)http://semarc/subject/1298 650 4$aEcclesiologia.$0(OLS)http://semarc/subject/42996 830 0$aStudi religiosi.$0(OLS)http://semarc/title/434 850 $aSeMil 852 $aSeMil$W1$xVenegono$y1$m2B II 118$j100667$B100667$CSeMilBibl$Z2$F109354 $81 961 $aAcquisto: Città Nuova (Agente) 996 $6020$a88-250-1476-7$9(OLS)http://semarc/number/137075 996 $6245$aModelli di Chiesa$9(OLS)http://semarc/title/216666 996 $6260$aPadova :$bMessaggero$9(OLS)http://semarc/publisher/29786 LEADER 01269nam a2200277 i 4500 001 000000237667 003 CaOOAMICUS 005 20150108000000.0 008 150108s1970 it u000 u ita u 013 $a216572 040 $aSeMil$bita 240 10$aSystème de la Mode.$0(OLS)http://semarc/title/409768 245 10$aSistema della Moda /$cRoland Barthes ; Traduzione di Lidia Lonzi. 246 04$iTitolo in copertina:$aSistema della Moda. La Moda nei giornali femminili : un'analisi strutturale 260 $aTorino :$bGiulio Einaudi,$ccopyr. 1970. 300 $aXVI, 332 p. ;$c21 cm. 490 0 $aEinaudi Paperbacks ;$v18 500 $aContiene : Appendici. 650 4$aAbbigliamento - Industria - Italia.$0(OLS)http://semarc/subject/42067 700 1 $aLonzi, Lidia.$0(OLS)http://semarc/name/25203 830 0$aEinaudi Paperbacks ;$v18.$0(OLS)http://semarc/title/6898 850 $aSeMil 852 $aSeMil$W1$xVenegono$y1$m3N I 263$j188013$B188013$CSeMilBibl$Z2$F198905 $81 996 $6245$aSistema della Moda$9(OLS)http://semarc/title/338771 996 $6246$aSistema della Moda. La Moda nei giornali femminili : un'analisi strutturale$9(OLS)http://semarc/title/338772 996 $6260$aTorino :$bGiulio Einaudi$9(OLS)http://semarc/publisher/29810